|
|
|
|
| LEADER |
00892nab a2200229 i 4500 |
| 001 |
misc66084 |
| 005 |
20221025113718.0 |
| 008 |
220408s1953 hu o 0|| ger d |
| 040 |
|
|
|a SZTE Miscellanea Repozitórium
|b hun
|
| 041 |
|
|
|a ger
|
| 100 |
1 |
|
|a Harmatta János
|
| 245 |
1 |
0 |
|a Mihály Párducz
|h [elektronikus dokumentum] :
|b Denkmäler der Sarmatenzeit Ungarns, 1-3. /
|c Harmatta János
|
| 260 |
|
|
|a Akadémiai Nyomda
|b Budapest
|c 1953
|
| 300 |
|
|
|a 341-352
|c 30 cm
|
| 490 |
0 |
|
|a Acta Archeaeologica Academiae Scientiarum Hungaricae
|
| 561 |
|
|
|a Németh Gyula hagyaték
|
| 591 |
|
|
|a NOV 2213; C 20752
|
| 650 |
|
4 |
|a Bölcsészettudományok
|
| 650 |
|
4 |
|a Történettudomány és régészet
|
| 695 |
|
|
|a Szarmaták - régészet - Magyarország, Régészet - könyvismertetés
|
| 700 |
0 |
1 |
|a Párducz Mihály
|
| 856 |
4 |
0 |
|u http://misc.bibl.u-szeged.hu/66084/1/2213_nov.pdf
|z Dokumentum-elérés
|